<?xml version="1.0" encoding="UTF-8"?>
<record
    xmlns:xsi="http://www.w3.org/2001/XMLSchema-instance"
    xsi:schemaLocation="http://www.loc.gov/MARC21/slim http://www.loc.gov/standards/marcxml/schema/MARC21slim.xsd"
    xmlns="http://www.loc.gov/MARC21/slim">

  <leader>00411nam a22001577a 4500</leader>
  <datafield tag="999" ind1=" " ind2=" ">
    <subfield code="c">259165</subfield>
    <subfield code="d">259164</subfield>
  </datafield>
  <controlfield tag="003">OSt</controlfield>
  <controlfield tag="005">20250213152513.0</controlfield>
  <controlfield tag="008">210125b           ||||| |||| 00| 0 eng d</controlfield>
  <datafield tag="010" ind1=" " ind2=" ">
    <subfield code="a">79980113 </subfield>
  </datafield>
  <datafield tag="040" ind1=" " ind2=" ">
    <subfield code="c">N/A</subfield>
  </datafield>
  <datafield tag="050" ind1=" " ind2=" ">
    <subfield code="a">PL8704.A39</subfield>
    <subfield code="b">  K3</subfield>
  </datafield>
  <datafield tag="245" ind1=" " ind2=" ">
    <subfield code="a">Kasri ya Mwinyi Fuad </subfield>
    <subfield code="c"> Adam Shafi Adam.</subfield>
  </datafield>
  <datafield tag="260" ind1=" " ind2=" ">
    <subfield code="a">Dar es Salaam :</subfield>
    <subfield code="b"> Tanzania Pub. House, </subfield>
    <subfield code="c">2007</subfield>
  </datafield>
  <datafield tag="300" ind1=" " ind2=" ">
    <subfield code="a">162 p. ;</subfield>
    <subfield code="c"> 19 cm.</subfield>
  </datafield>
  <datafield tag="942" ind1=" " ind2=" ">
    <subfield code="2">lcc</subfield>
    <subfield code="c">BK</subfield>
  </datafield>
  <datafield tag="952" ind1=" " ind2=" ">
    <subfield code="0">0</subfield>
    <subfield code="1">0</subfield>
    <subfield code="2">lcc</subfield>
    <subfield code="4">0</subfield>
    <subfield code="7">0</subfield>
    <subfield code="8">FIC</subfield>
    <subfield code="a">40404</subfield>
    <subfield code="b">40404</subfield>
    <subfield code="c">GEN</subfield>
    <subfield code="d">2015-11-10</subfield>
    <subfield code="e">Purchase (Suba Books)</subfield>
    <subfield code="l">3</subfield>
    <subfield code="o">PL8704 .A39K3 2007</subfield>
    <subfield code="p">20157132</subfield>
    <subfield code="r">2025-11-28 00:00:00</subfield>
    <subfield code="s">2025-11-12</subfield>
    <subfield code="y">BK</subfield>
  </datafield>
  <datafield tag="952" ind1=" " ind2=" ">
    <subfield code="0">0</subfield>
    <subfield code="1">0</subfield>
    <subfield code="2">lcc</subfield>
    <subfield code="4">0</subfield>
    <subfield code="7">0</subfield>
    <subfield code="8">FIC</subfield>
    <subfield code="a">40404</subfield>
    <subfield code="b">40404</subfield>
    <subfield code="c">GEN</subfield>
    <subfield code="d">2021-01-25</subfield>
    <subfield code="e">Purchase (Suba Books)</subfield>
    <subfield code="l">2</subfield>
    <subfield code="o">PL8704.A39   K3</subfield>
    <subfield code="p">20157133</subfield>
    <subfield code="r">2026-03-13 00:00:00</subfield>
    <subfield code="s">2026-02-26</subfield>
    <subfield code="w">2021-01-25</subfield>
    <subfield code="y">BK</subfield>
  </datafield>
  <datafield tag="952" ind1=" " ind2=" ">
    <subfield code="0">0</subfield>
    <subfield code="1">0</subfield>
    <subfield code="2">lcc</subfield>
    <subfield code="4">0</subfield>
    <subfield code="7">0</subfield>
    <subfield code="8">FIC</subfield>
    <subfield code="a">40404</subfield>
    <subfield code="b">40404</subfield>
    <subfield code="c">GEN</subfield>
    <subfield code="d">2023-05-30</subfield>
    <subfield code="e">Purchase (Suba Books)</subfield>
    <subfield code="l">1</subfield>
    <subfield code="o">PL8704.A39K3 2007</subfield>
    <subfield code="p">20157134</subfield>
    <subfield code="r">2025-11-21 00:00:00</subfield>
    <subfield code="s">2025-11-12</subfield>
    <subfield code="w">2023-05-30</subfield>
    <subfield code="y">BK</subfield>
  </datafield>
  <datafield tag="952" ind1=" " ind2=" ">
    <subfield code="0">0</subfield>
    <subfield code="1">0</subfield>
    <subfield code="2">lcc</subfield>
    <subfield code="4">0</subfield>
    <subfield code="7">0</subfield>
    <subfield code="8">FIC</subfield>
    <subfield code="a">40404</subfield>
    <subfield code="b">40404</subfield>
    <subfield code="c">GEN</subfield>
    <subfield code="d">2024-12-07</subfield>
    <subfield code="l">1</subfield>
    <subfield code="o">PL8704.A39   K3</subfield>
    <subfield code="p">202401180</subfield>
    <subfield code="r">2025-03-23 00:00:00</subfield>
    <subfield code="s">2025-03-06</subfield>
    <subfield code="w">2024-12-07</subfield>
    <subfield code="y">BK</subfield>
  </datafield>
</record>
